Japan's role in the 1980's

Gardado en:
Detalles Bibliográficos
Autor Principal: Kirby, Stuart
Formato: Libro
Idioma:Undetermined
Publicado: New York Economist Intelligence Unit 1980
Những chủ đề:
Các nhãn: Engadir etiqueta
Sen Etiquetas, Sexa o primeiro en etiquetar este rexistro!
Thư viện lưu trữ: Trung tâm Học liệu Trường Đại học Cần Thơ
LEADER 00501nam a2200193Ia 4500
001 CTU_99649
008 210402s9999 xx 000 0 und d
082 |a 330.952 
082 |b K58 
100 |a Kirby, Stuart 
245 0 |a Japan's role in the 1980's 
245 0 |c Stuart Kirby 
260 |a New York 
260 |b Economist Intelligence Unit 
260 |c 1980 
650 |a Economic forecasting 
650 |z Japan 
904 |i Năm 
980 |a Trung tâm Học liệu Trường Đại học Cần Thơ